| 000 | 01120cam a2200373Mi 4500 | ||
|---|---|---|---|
| 999 |
_c4878 _d4878 |
||
| 001 | ocn664091131 | ||
| 003 | OCoLC | ||
| 005 | 20180713085613.0 | ||
| 008 | 100909s2010 fr b 000 0 fre d | ||
| 020 | _a9782247088935 | ||
| 020 | _a2247088937 | ||
| 029 | 1 |
_aHEBIS _b30402063X |
|
| 029 | 1 |
_aNLGGC _b333603354 |
|
| 035 | _a(OCoLC)664091131 | ||
| 040 |
_aTZT _beng _cTZ-ArACH _dGXR |
||
| 049 | _aTZAA | ||
| 050 | 4 |
_aKZ3310 _b.D87 2010 |
|
| 082 | 1 | 4 |
_a341 _21 |
| 084 |
_a86.80 _2bcl |
||
| 100 | 1 |
_aDupuy, Pierre-Marie. _91828 |
|
| 245 | 1 | 0 |
_aDroit international public / _cPierre-Marie Dupuy, Yann Kerbrat. |
| 250 | _a10e édition. | ||
| 260 |
_aParis : _bDalloz, _c2010. |
||
| 300 |
_axxvii, 916 pages ; _c21 cm. |
||
| 490 | 1 | _aPrécis. Droit public, science politique | |
| 504 | _aIncludes bibliographical references (pages xi-xxvii). | ||
| 650 | 0 | _aInternational law. | |
| 650 | 7 | _aDroit international | |
| 650 | 7 | _aInternational law. | |
| 653 | _aInternational public law | ||
| 700 | 1 |
_aKerbrat, Yann. _91829 |
|
| 830 | 0 |
_aPrécis Dalloz. _pDroit public, science politique. |
|
| 942 |
_2lcc _cBOOK |
||